BIBLIOTHÈQUE DE LA MAISON DU MEXIQUE

Logo 1 Logo 2

America (notice nᵒ 605)

détails MARC
000 -Sello discográfico
campo de control de longitud fija 01018nam a2200313 4500
005 - Identificación de versión
campo de control 20251211160847.0
010 ## - Número Estándar Internacional de Libros (ISBN)
Número (ISBN) 90-72191-62-5
035 ## - Otros números de control del sistema
Número de control del sistema 18668
099 ## - fechas locales
Tipo de ítem Koha LIBRO
100 ## - Datos de procesamiento general
Datos de procesamiento general 19951026d1992 m y1spay5003 ba
101 ## - Idioma del recurso
Idioma del texto, banda sonora, etc. Inglés
105 ## - Campo de datos codificados: Material textual, monográfico
Datos codificados de monografía a 001zy
200 1# - Título y mención de responsabilidad
Título propio America
Designación general del material texto impreso
Otra información del título bride of the sun : 500 years latin america and the low countries
Primer mención de responsabilidad Royal Museum of Fine Arts
210 ## - Publicación, distribución, etc.
Lugar de publicación, distribución, etc. Belgium
Nombre del editor, distribuidor, etc. Ministry of the Flemish Community
-- Imschoot Books
Fecha de publicación, distribución, etc. 1992
215 ## - Descripción física
Designación de material específico y extensión del ítem 527 p
Otras características físicas il., fot.
Dimensiones 30 cm
300 ## - Notas generales
Texto de la nota Publicación con motivo de la exhibición llevada a cabo del 1 de febrero al 31 de mayo de 1992 en el Royal Museum of Fine Arts de Amberes
345 ## - Nota de información de adquisición
Fuente de adquisición/dirección de la suscripción [OBSOLETO] Donación
606 ## - Término temático usado como materia
Elemento de entrada Arte
Subdivisión geográfica América Latina
Subdivisión temática Historia
Número Koha 1741
607 ## - Nombre geográfico utilizado como tema
Elemento de entrada América Latina
Subdivisión temática Arte
Número Koha 1742
801 #0 - Fuente de origen
País FR
Agencia cm
Reglas de catalogación (convenciones descriptivas) AFNOR
942 ## - ELEMENTOS DE ENTRADA SECUNDARIOS (KOHA)
Tipo de ítem Koha Livre
Exemplaires
Estatus retirado Estado de daño Estado de pérdida Fuente de la clasificación o esquema de estantería Fecha de adquisición Biblioteca de origen Biblioteca actual Código de barras Precio de reemplazo Signatura topográfica completa No para préstamo Tipo de ítem Koha Nota no pública
      Clasificación Decimal Dewey 11/12/2025 Casa México Paris Casa México Paris 001786 11/12/2025 F704.94 A512 No se presta a domicilio Livre 751145101